Moderne Länder, die jemals von den Niederlanden kontrolliert wurden - Statistiken

Allgemein
  • Dieses Quiz wurde 251 mal gespielt
  • Das Durchschnittsergebnis liegt bei 45 aus 53
Antworten auf der Karte
Die Antworten werden auf der Karte rot bzw. grün angezeigt, abhängig davon wie oft sie richtig erraten wurden.
 
Antwortstatistiken
Länder % Korrekt
Belgien
100%
Niederlande
99%
Brasilien
98%
Indonesien
98%
Südafrika
97%
Vereinigte Staaten
97%
Indien
96%
Suriname
96%
China
95%
Guyana
95%
Japan
95%
Kanada
95%
Jemen
94%
Thailand
94%
Iran
93%
Madagaskar
93%
Oman
92%
Pakistan
92%
Vietnam
92%
Deutschland
91%
Kambodscha
91%
Irak
90%
Kolumbien
90%
Malaysia
90%
Myanmar
90%
Luxemburg
89%
Bangladesch
88%
Frankreich
87%
Haiti
87%
Sri Lanka
86%
Togo
86%
Angola
85%
Mauretanien
85%
Mosambik
85%
Norwegen (Spitzbergen und Jan Mayen)
85%
Senegal
85%
Benin
84%
Nigeria
84%
Ost Timor
84%
Republik Kongo
82%
Malediven
79%
Gabun
78%
Ghana
78%
Chile
77%
Liberia
77%
São Tomé und Príncipe
77%
Äquatorialguinea
74%
Taiwan
71%
Venezuela
68%
Mauritius
67%
Trinidad und Tobago
57%
Grenada
56%
Vereinigtes Königreich (Verschiedene Übersee Territorien)
41%
Keine übereinstimmenden Quizze gefunden
Verteilung der Resultate
Anzahl Personen mit jedem Resultat
Perzentil nach korrekt beantworteten Fragen
Ihre Resultats-Entwicklung
Sie haben dieses Quiz noch nicht gespielt